<?xml version="1.0" encoding="UTF-8"?>
<record
    xmlns:xsi="http://www.w3.org/2001/XMLSchema-instance"
    xsi:schemaLocation="http://www.loc.gov/MARC21/slim http://www.loc.gov/standards/marcxml/schema/MARC21slim.xsd"
    xmlns="http://www.loc.gov/MARC21/slim">

  <leader>01176nam a22002657a 4500</leader>
  <controlfield tag="005">20170124103214.0</controlfield>
  <datafield tag="010" ind1=" " ind2=" ">
    <subfield code="a">A-736439</subfield>
  </datafield>
  <datafield tag="020" ind1=" " ind2=" ">
    <subfield code="c">125.00</subfield>
  </datafield>
  <datafield tag="035" ind1=" " ind2=" ">
    <subfield code="a">A-736439</subfield>
  </datafield>
  <datafield tag="037" ind1=" " ind2=" ">
    <subfield code="b">Cen Lib/Ret</subfield>
  </datafield>
  <datafield tag="040" ind1=" " ind2=" ">
    <subfield code="a">DPL</subfield>
    <subfield code="b">HN</subfield>
  </datafield>
  <datafield tag="082" ind1=" " ind2=" ">
    <subfield code="a">615.52</subfield>
    <subfield code="b">&#x936;&#x941;&#x915;&#x94D;&#x932;&#x935;&#x940;</subfield>
  </datafield>
  <datafield tag="100" ind1=" " ind2=" ">
    <subfield code="a">&#x936;&#x941;&#x915;&#x94D;&#x932;, &#x935;&#x93F;&#x927;&#x93E;&#x927;&#x930; </subfield>
    <subfield code="9">97104</subfield>
  </datafield>
  <datafield tag="245" ind1=" " ind2=" ">
    <subfield code="a">&#x906;&#x92F;&#x941;&#x930;&#x94D;&#x935;&#x947;&#x926;&#x940;&#x92F; &#x935;&#x93F;&#x915;&#x943;&#x924;&#x93F;-&#x935;&#x93F;&#x91C;&#x94D;&#x91E;&#x93E;&#x928; /</subfield>
    <subfield code="c">&#x935;&#x93F;&#x927;&#x93E;&#x927;&#x930; &#x936;&#x941;&#x915;&#x94D;&#x932; </subfield>
  </datafield>
  <datafield tag="246" ind1=" " ind2=" ">
    <subfield code="a">Ayurvediya vikriti vijnana /</subfield>
    <subfield code="b">by Vidyadhar Shukla</subfield>
  </datafield>
  <datafield tag="260" ind1=" " ind2=" ">
    <subfield code="a">&#x926;&#x93F;&#x932;&#x94D;&#x932;&#x940; </subfield>
    <subfield code="b">&#x91A;&#x94C;&#x916;&#x92E;&#x94D;&#x92C;&#x93E; &#x938;&#x902;&#x938;&#x94D;&#x915;&#x943;&#x924; &#x92A;&#x94D;&#x930;&#x924;&#x93F;&#x937;&#x94D;&#x920;&#x93E;&#x928; </subfield>
    <subfield code="c">1994</subfield>
  </datafield>
  <datafield tag="270" ind1=" " ind2=" ">
    <subfield code="a">38 &#x92F;&#x941;. &#x90F;. &#x92C;&#x948;&#x902;&#x917;&#x932;&#x94B; &#x930;&#x94B;&#x921;, &#x91C;&#x935;&#x93E;&#x939;&#x930; &#x928;&#x917;&#x930; </subfield>
    <subfield code="b">&#x926;&#x93F;&#x932;&#x94D;&#x932;&#x940; </subfield>
    <subfield code="e">110007</subfield>
  </datafield>
  <datafield tag="300" ind1=" " ind2=" ">
    <subfield code="a">495&#x92A;&#x943;. </subfield>
    <subfield code="c">21&#x938;&#x947;&#x92E;&#x940;(&#x938;&#x91C;&#x93F;&#x932;&#x94D;&#x926;)</subfield>
  </datafield>
  <datafield tag="490" ind1=" " ind2=" ">
    <subfield code="a">&#x935;&#x94D;&#x930;&#x91C;&#x91C;&#x940;&#x935;&#x928; &#x906;&#x92F;&#x941;&#x930;&#x94D;&#x935;&#x93F;&#x91C;&#x94D;&#x91E;&#x93E;&#x928; &#x917;&#x94D;&#x930;&#x928;&#x94D;&#x925;&#x92E;&#x93E;&#x932;&#x93E;</subfield>
    <subfield code="v">5</subfield>
  </datafield>
  <datafield tag="650" ind1=" " ind2=" ">
    <subfield code="a">&#x935;&#x93F;&#x915;&#x943;&#x924;&#x93F;-&#x935;&#x93F;&#x91C;&#x94D;&#x91E;&#x93E;&#x928;</subfield>
    <subfield code="9">97105</subfield>
  </datafield>
  <datafield tag="650" ind1=" " ind2=" ">
    <subfield code="a">&#x906;&#x92F;&#x941;&#x930;&#x94D;&#x935;&#x947;&#x926; </subfield>
    <subfield code="9">97106</subfield>
  </datafield>
  <datafield tag="650" ind1=" " ind2=" ">
    <subfield code="a">Pathology</subfield>
    <subfield code="9">20793</subfield>
  </datafield>
  <datafield tag="650" ind1=" " ind2=" ">
    <subfield code="a">Ayurveda</subfield>
    <subfield code="9">2179</subfield>
  </datafield>
  <datafield tag="942" ind1=" " ind2=" ">
    <subfield code="2">ddc</subfield>
    <subfield code="c">HN</subfield>
    <subfield code="h">615.52</subfield>
    <subfield code="m">&#x936;&#x941;&#x915;&#x94D;&#x932;&#x935;&#x940;</subfield>
  </datafield>
  <datafield tag="999" ind1=" " ind2=" ">
    <subfield code="c">121405</subfield>
    <subfield code="d">121405</subfield>
  </datafield>
  <datafield tag="952" ind1=" " ind2=" ">
    <subfield code="0">0</subfield>
    <subfield code="1">0</subfield>
    <subfield code="4">0</subfield>
    <subfield code="7">0</subfield>
    <subfield code="a">L</subfield>
    <subfield code="b">L</subfield>
    <subfield code="d">2015-10-06</subfield>
    <subfield code="e">Cen Lib/Ret</subfield>
    <subfield code="g">125.00</subfield>
    <subfield code="l">0</subfield>
    <subfield code="o">615.52 &#x936;&#x941;&#x915;&#x94D;&#x932;&#x935;&#x940;</subfield>
    <subfield code="p">A-736439</subfield>
    <subfield code="r">2015-10-06 00:00:00</subfield>
    <subfield code="t">1</subfield>
    <subfield code="v">125.00</subfield>
    <subfield code="w">2015-10-06</subfield>
    <subfield code="y">HN</subfield>
  </datafield>
</record>
